000 01349nam a2200337 a 4500
001 ebr10022279
003 CaPaEBR
006 m u
007 cr cn|||||||||
008 010906s2001 ne a sb 011 0 eng
010 _z 2001043739
020 _z9027225842 (Eur.)
020 _z1588111180 (US : hb : alk. paper)
040 _aCaPaEBR
_cCaPaEBR
035 _a(OCoLC)70765092
050 1 4 _aP51
_b.R364 2001eb
082 0 4 _a418/.0071
_221
245 0 0 _aReflections on language and language learning
_h[electronic resource] :
_bin honour of Arthur van Essen /
_cedited by Marcel Bax, Jan-Wouter Zwart.
260 _aAmsterdam ;
_aPhiladelphia :
_bJ. Benjamins Pub.,
_cc2001.
300 _axxxiii, 366 p. :
_bill.
504 _aIncludes bibliographical references and index.
533 _aElectronic reproduction.
_bPalo Alto, Calif. :
_cebrary,
_d2013.
_nAvailable via World Wide Web.
_nAccess may be limited to ebrary affiliated libraries.
650 0 _aLanguage and languages
_xStudy and teaching.
650 0 _aLinguistics.
655 7 _aElectronic books.
_2local
700 1 _aBax, Marcel.
700 1 _aZwart, C. Jan-Wouter.
700 1 _aEssen, A. J. van.
710 2 _aebrary, Inc.
856 4 0 _uhttp://site.ebrary.com/lib/rucke/Doc?id=10022279
_zAn electronic book accessible through the World Wide Web; click to view
999 _c24536
_d24536